000 00428cam a2200157ua 4500
041 _aeng
_h
082 _a320.2
_bKAH/GO
100 _aKahin, George Mcturnan .
245 0 0 _aGovernments and politics of south east Asia /
_cGeorge Mcturnan Kahin.
_hTextual Documents
250 _a2 /
_b.
260 _aNewyork :
_bCornell university press ,
_c1964.
300 _a796 ; .
504 _a
942 _cBK
999 _c2341
_d2341